La mujer en la historia dominicana / (Registro nro. 8235)

Detalles MARC
000 -LIDER
fixed length control field 01474nam a2200385 a 4500
001 - NÚMERO DE CONTROL
Identificador de número de control 000015906
003 - IDENTIFICACDOR DE NÚMERO DE CONTROL
control field DO-SdBNP
005 - DATE AND TIME OF LATEST TRANSACTION
control field 20170925102457.0
007 - CAMPOS FIJOS DE DESCRIPCIÓN FÍSICA
fixed length control field 000015906
008 - ELEMENTOS DE LONGITUD FIJA
fixed length control field 100222s2009 dr ac 000 0 spa d
020 ## - ISBN
International Standard Book Number 9789945410501
040 ## - FUENTE DE CATALOGACIÓN
Agencia que crea de manera original el registro BPMSU
Idioma de catalogación spa
Agencia que realiza la transcripción BPMSU
082 #4 - NÚMERO DE CLASIFICACIÓN DECIMAL DE DEWEY
Classification number 305.4097293
Item number H557m
100 1# - ASIENTO PRINCIPAL -- NOMBRE PERSONAL
Nombre personal Hernández, Ángela
245 13 - MENCIÓN DE TITULO
Título La mujer en la historia dominicana /
Mención de responsabilidad Ángela Hernández, Orlando Inoa.
260 0# - PUBLICACIÓN, DISTRIBUCIÓN, ETC. (PIE DE IMPRENTA)
Lugar de publicación, distribución, etc Santo Domingo :
Nombre del editor, distribuidor, etc. Secretaría de Estado de la Mujer,
Fecha de publicación, distribución, etc 2009.
300 ## - DESCRIPCIÓN FÍSICA
Extensión 327 p. :
Otros detalles físicos il., retr. ;
Dimensiones 30 cm.
500 ## - NOTA GENERAL
Nota general Incluye referencias bibliográficas y notas al pie de las páginas.
650 #4 - ENCABEZAMIENTO DE MATERIA--TEMÁTICO
Término temático o nombre geográfico como elemento de entrada MUJERES EN REPÚBLICA DOMINICANA
Subdivisión temática general HISTORIA
650 #4 - ENCABEZAMIENTO DE MATERIA--TEMÁTICO
Término temático o nombre geográfico como elemento de entrada MUJERES
Subdivisión geográfica REPÚBLICA DOMINICANA
Subdivisión temática general CONDICIONES SOCIALES
650 #4 - ENCABEZAMIENTO DE MATERIA--TEMÁTICO
Término temático o nombre geográfico como elemento de entrada MUJERES
Subdivisión geográfica REPÚBLICA DOMINICANA
Subdivisión temática general BIOGRAFÍAS
650 #4 - ENCABEZAMIENTO DE MATERIA--TEMÁTICO
Término temático o nombre geográfico como elemento de entrada FEMINISMO
Subdivisión geográfica REPÚBLICA DOMINICANA
Subdivisión temática general HISTORIA
651 #4 - ENCABEZAMIENTO DE MATERIA--NOMBRE GEOGRÁFICO
Nombre geográfico REPÚBLICA DOMINICANA
Subdivisión temática general HISTORIA
651 #4 - ENCABEZAMIENTO DE MATERIA--NOMBRE GEOGRÁFICO
Nombre geográfico REPÚBLICA DOMINICANA
Subdivisión temática general HISTORIA
Subdivisión cronológica ERA DE TRUJILLO 1930-1961
651 #4 - ENCABEZAMIENTO DE MATERIA--NOMBRE GEOGRÁFICO
Nombre geográfico REPÚBLICA DOMINICANA
Subdivisión temática general VIDA SOCIAL Y COSTUMBRES
700 12 - ASIENTO SECUNDARIO -- NOMBRE PERSONAL
Nombre personal Inoa, Orlando
910 ## - VALIDACIÓN
Validación Validado. Control de calidad MFF
930 #1 - EQUIVALENCE OR CROSS-REFERENCE-UNIFORM TITLE HEADING [LOCAL, CANADA]
Language of a work BND01
Medium of performance for music LF1
Medium 305.4097293
Field link and sequence number 20100222
Date of a work 02
Name of part/section of a work MI
Miscellaneous information 10542
942 ## - ADDED ENTRY ELEMENTS (KOHA)
Source of classification or shelving scheme Dewey Decimal Classification
Koha item type Libros
945 ## - INFORMACIÓN DE PROCESAMIENTO LOCAL
Información de procesamiento local Inventariado, 2017/MFF
956 ## - LOCAL ELECTRONIC LOCATION AND ACCESS (OCLC)
Nombre de host NMORDAN
Número de acceso 10
Información de compresión 20100223
Inicio de sesión BND01
Procesador de solicitud 1346
956 ## - LOCAL ELECTRONIC LOCATION AND ACCESS (OCLC)
Nombre de host DGARCIA
Número de acceso 10
Información de compresión 20100224
Inicio de sesión BND01
Procesador de solicitud 1046
956 ## - LOCAL ELECTRONIC LOCATION AND ACCESS (OCLC)
Nombre de host MMOLINA
Número de acceso 20
Información de compresión 20100405
Inicio de sesión BND01
Procesador de solicitud 1507
956 ## - LOCAL ELECTRONIC LOCATION AND ACCESS (OCLC)
Nombre de host VMATEO
Número de acceso 10
Información de compresión 20150826
Inicio de sesión BPMSU
Procesador de solicitud 00151
Existencias
Withdrawn status Lost status Source of classification or shelving scheme Damaged status Not for loan Collection code Home library Current library Date acquired Total Checkouts Full call number Barcode Date last seen Price effective from Koha item type
    Dewey Decimal Classification     Colección Dominicana Biblioteca Pública Metropolitana Salomé Ureña Biblioteca Pública Metropolitana Salomé Ureña 08/26/2015   305.4097293 H557m BPMSU15080491 08/26/2015 08/26/2015 Libros